000 00778nam a2200217Ia 4500
003 GCL
008 140319s9999 xx 000 0 ara d
020 _a5101329957
040 _aGCL /
_cGCL
082 0 4 _a371.2
_bو م
100 1 _aواصل جميل المومنى
245 1 0 _aالمناخ التنظيمى وادارة الصراع فى المؤسسات التربوية /
_cواصل جميل المومنى
250 _aالاولى
260 _aالاردن :
_bدار الحامد للنشر والتوزيع ،
_c2006
300 _a191ص ؛
_c24سم
650 0 4 _aالادارة التعليمية
650 0 4 _aالاخلاق المهنية
650 0 4 _aالتوجية المهنى
650 0 4 _aالمدارس - تنظيم وادارة
942 _2ddc
_cBK
999 _c8538
_d8538